| 000 | 00494nam a2200169 4500 | ||
|---|---|---|---|
| 005 | 20260223111424.0 | ||
| 008 | 260220b |||||||| |||| 00| 0 eng d | ||
| 020 | _a978-93-91558-15-4 | ||
| 041 | _aMarathi | ||
| 082 |
_aX 891 NAR _bB12229 |
||
| 100 |
_aनरवणे विश्वनाथ _9216777 |
||
| 245 | _aमराठी म्हणी व उत्की | ||
| 260 |
_aPune _bBharatiya Vichar Sadhana _c2021 |
||
| 300 |
_a384p _bpb |
||
| 365 |
_aRupaye _b300 _cINR |
||
| 942 | _cBK | ||
| 999 |
_c370480 _d370480 |
||